000 00887nam a2200265Ia 4500
003 OSt
005 20220918171128.0
006 a|||||r|||| 00| 0
007 ta
008 220917b |||||||| |||| 00| 0 eng d
020 _a9781316607985
_c525
024 _a289,565
037 _b235/2015-16, 22/03/2016, Excel Book International
_cTextual
040 _aARTS
_cARTS
_beng
041 _2eng
_aeng
082 _aW6.1(Q7), Q4
100 _aMirsepassi Ali
_934327
245 0 _aIslam, democracy, and cosmopolitanism
_b At home and in the world
260 _aDelhi
_bCambridge University Press India
_c2014
300 _aviii, 225p.
_ccm.
650 _aPOLITICAL SCIENCE
700 _a Fernee Tadd Graham
_934328
942 _hW6.1(Q7), Q4
_cTEXL
_2CC
999 _c137998
_d137998